Central Library OPAC University of Rajshahi

Morality and cultural differences / (Record no. 1719)

MARC details
000 -LEADER
fixed length control field 00945cam a2200289 a 4500
001 - CONTROL NUMBER
control field 1719
003 - CONTROL NUMBER IDENTIFIER
rucl marc code BD-RjUL
005 - DATE AND TIME OF LATEST TRANSACTION
control field 20211208233409.0
008 - FIXED-LENGTH DATA ELEMENTS--GENERAL INFORMATION
fixed length control field 131208s1999 nyu b 001 0 eng
020 ## - INTERNATIONAL STANDARD BOOK NUMBER
International Standard Book Number 0195126793 (cloth : acidfree paper)
035 ## - SYSTEM CONTROL NUMBER
System control number (BD-RjUL)1746
040 ## - CATALOGING SOURCE
Original cataloging agency DLC
Transcribing agency DLC
Modifying agency DLC
-- BD-RjUL
Language of cataloging eng
041 ## - LANGUAGE CODE
Language code of text/sound track or separate title eng
082 00 - DEWEY DECIMAL CLASSIFICATION NUMBER
Classification number 171.7
Edition number 21
Author mark and year COM 1999
100 1# - MAIN ENTRY--PERSONAL NAME
Personal name Cook, John W.
Fuller form of name (John Webber),
Dates associated with a name 1930-
9 (RLIN) 5693
245 10 - TITLE STATEMENT
Title Morality and cultural differences /
Statement of responsibility, etc. John W. Cook.
260 ## - PUBLICATION, DISTRIBUTION, ETC. (IMPRINT)
Place of publication, distribution, etc. New York :
Name of publisher, distributor, etc. Oxford University Press,
Date of publication, distribution, etc. c1999.
300 ## - PHYSICAL DESCRIPTION
Pagination x, 204 p. ;
Size 24 cm.
504 ## - BIBLIOGRAPHY, ETC. NOTE
Bibliography, etc Includes bibliographical references (p. 175-199) and index.
650 #0 - SUBJECT ADDED ENTRY--TOPICAL TERM
Topical term or geographic name as entry element Ethics.
9 (RLIN) 5694
Topical term or geographic name as entry element Anthropology.
9 (RLIN) 5695
Topical term or geographic name as entry element Ethical relativism.
9 (RLIN) 5696
856 42 - ELECTRONIC LOCATION AND ACCESS
Materials specified Publisher description
Uniform Resource Identifier <a href="http://www.loc.gov/catdir/enhancements/fy0603/98027685-d.html">http://www.loc.gov/catdir/enhancements/fy0603/98027685-d.html</a>
942 ## - ADDED ENTRY ELEMENTS (KOHA)
Source of classification or shelving scheme Dewey Decimal Classification
Koha item type Books
Holdings
Lost status Source of classification or shelving scheme Damaged status Not for loan Collection code Permanent Location Current Location Shelving location Date acquired Source of acquisition Cost, normal purchase price Total Checkouts Full call number Date last seen Copy number Koha item type
  Dewey Decimal Classification   Not For Loan Non-fiction Central Library, University of Rajshahi Central Library, University of Rajshahi Reading Room 24/03/2009 Dhaka. paragon enterprise ltd. 45.00   171.7 COM 1999 08/12/2013 C-1 Books